ბათუმის შოთა რუსთაველის სახელმწიფო უნივერსიტეტის ბიბლიოთეკა

Финансы. (ბიბ.ჩანაწერი № 35000)

000 -LEADER
fixed length control field 00536nam a2200229Ia 4500
001 - CONTROL NUMBER
control field 838
003 - CONTROL NUMBER IDENTIFIER
control field GE_BSU
008 - FIXED-LENGTH DATA ELEMENTS--GENERAL INFORMATION
fixed length control field 181216s||||||||xx |||||||||||||| ||und||
020 ## - INTERNATIONAL STANDARD BOOK NUMBER
International Standard Book Number 5845900999
040 ## - CATALOGING SOURCE
Transcribing agency GE_BSU
080 ## - UNIVERSAL DECIMAL CLASSIFICATION NUMBER
Universal Decimal Classification number 336
100 ## - MAIN ENTRY--PERSONAL NAME
Personal name Боди,Эви; Мертон,Роберт;
245 ## - TITLE STATEMENT
Title Финансы.
245 ## - TITLE STATEMENT
Statement of responsibility, etc. Пер.с.Англ.
260 ## - PUBLICATION, DISTRIBUTION, ETC.
Place of publication, distribution, etc. Москва
260 ## - PUBLICATION, DISTRIBUTION, ETC.
Name of publisher, distributor, etc. Изд. дом ,,Вильямс",
260 ## - PUBLICATION, DISTRIBUTION, ETC.
Date of publication, distribution, etc. 2003
300 ## - PHYSICAL DESCRIPTION
Extent 592с.
653 ## - INDEX TERM--UNCONTROLLED
Uncontrolled term Финансы
942 ## - ADDED ENTRY ELEMENTS (KOHA)
Koha item type წიგნი
ეგზემპლარები
Withdrawn status Lost status Damaged status Not for loan Date acquired Barcode Date last seen Price effective from Koha item type
        2018-12-17 954 2018-12-17 2018-12-17 წიგნი